书目信息 |
| 题名: |
多元统计分析引论
|
|
| 作者: | 张尧庭 , 方开泰 著 | |
| 分册: | ||
| 出版信息: | 北京 科学出版社 1982.06 |
|
| 页数: | 579页 | |
| 开本: | 32开 | |
| 丛书名: | ||
| 单 册: | ||
| 中图分类: | O212.4 | |
| 科图分类: | ||
| 主题词: | 概率论 , 数理统计 | |
| 电子资源: | ||
| ISBN: | 7-03-005988-3 | |
| 000 | 00617nam0 2200217 45 | |
| 001 | 0009041782 | |
| 005 | 20010411102603.2 | |
| 010 | @a7-03-005988-3@d37.00元 | |
| 100 | @a20000904d1982 km y0chiy0120 ea | |
| 101 | 0 | @achi |
| 105 | @a z 000yy | |
| 200 | 1 | @a多元统计分析引论@ADuo Yuan Tong Ji Fen Xi Yin Lun@f张尧庭,方开泰著@FZhang Yao Ting,Fang Kai Tai Zhu |
| 210 | @a北京@c科学出版社@d1982.06 | |
| 215 | @a579页@d32开 | |
| 606 | 0 | @a概率论 |
| 606 | 0 | @a数理统计 |
| 690 | @aO212.4@v3 | |
| 701 | 0 | @a张尧庭@4著 |
| 701 | 0 | @a方开泰@4著 |
| 801 | @aCN@bPftUser@c20000904 | |
| 905 | @dO212.4@eZH851@b337473-474@f2 | |
| 多元统计分析引论/张尧庭,方开泰著.-北京:科学出版社,1982.06 |
| 579页;32开 |
| ISBN 7-03-005988-3:37.00元 |
| ● |
| 相关链接 |
|
|
|
正题名:多元统计分析引论
索取号:O212.4/ZH851
 
预约/预借
| 序号 | 登录号 | 条形码 | 馆藏地/架位号 | 状态 | 备注 |
| 1 | 337473 | 203374730 | 数理学院资料室/ [索取号:O212.4/ZH851] | 在馆 | |
| 2 | 337474 | 203374749 | 数理学院资料室/ [索取号:O212.4/ZH851] | 在馆 |